Use of nano-copper as a growth promoter, antioxidant and anti-bacterial agents in formulated corn-soya based broiler ration / (Record no. 18125)

MARC details
000 -LEADER
fixed length control field 01215nam a22002777a 4500
001 - CONTROL NUMBER
control field BD-DhSAU 9278
003 - CONTROL NUMBER IDENTIFIER
control field BD-DhSAU
005 - DATE AND TIME OF LATEST TRANSACTION
control field 20251111095959.0
008 - FIXED-LENGTH DATA ELEMENTS--GENERAL INFORMATION
fixed length control field 150613b2018 bg a|||| m||| 00| 0 eng d
040 ## - CATALOGING SOURCE
Original cataloging agency BD-DhSAU
082 ## - DEWEY DECIMAL CLASSIFICATION NUMBER
Edition number 22
Classification number 636.5
Item number Sa289
100 ## - MAIN ENTRY--PERSONAL NAME
Personal name ISLAM, MD. SAJU
Relator term Registration No. # 15-06395
245 ## - TITLE STATEMENT
Title Use of nano-copper as a growth promoter, antioxidant and anti-bacterial agents in formulated corn-soya based broiler ration /
Remainder of title MS thesis
260 ## - PUBLICATION, DISTRIBUTION, ETC. (IMPRINT)
Place of publication, distribution, etc. Sher-e-Bangla Agricultural University :
Name of publisher, distributor, etc. Department of Poultry Science,
Date of publication, distribution, etc. 2025,
300 ## - PHYSICAL DESCRIPTION
Extent x, 60p. :
Other physical details ill. ;
Dimensions 30 cm.
500 ## - GENERAL NOTE
General note MS thesis of Department of Poultry Science, Faculty of Animal Science , Sher-e-Bangla Agricultural University, Dhaka, Bangladesh
504 ## - BIBLIOGRAPHY, ETC. NOTE
Bibliography, etc Includes bibliographical reference.
590 ## - Name of Cataloguer
Name of Cataloger Nazmul
650 ## - SUBJECT ADDED ENTRY--TOPICAL TERM
Topical term or geographic name as entry element nano-copper as a growth promoter,
650 ## - SUBJECT ADDED ENTRY--TOPICAL TERM
Topical term or geographic name as entry element antioxidant and anti-bacterial agents
651 ## - SUBJECT ADDED ENTRY--GEOGRAPHIC NAME
Source of heading or term corn-soya based broiler ration
700 ## - ADDED ENTRY--PERSONAL NAME
Personal name Prof. Dr. Maksuda Begum
Relator term Superviser
700 ## - ADDED ENTRY--PERSONAL NAME
Personal name Prof. Dr. Md. Anwarul Haque Beg
Relator term Co-superviser
856 ## - ELECTRONIC LOCATION AND ACCESS
Uniform Resource Identifier <a href="http://archive.saulibrary.edu.bd:8080/xmlui/handle/123456789/4797">http://archive.saulibrary.edu.bd:8080/xmlui/handle/123456789/4797</a>
942 ## - ADDED ENTRY ELEMENTS (KOHA)
Source of classification or shelving scheme Dewey Decimal Classification
Koha item type MS Level Thesis
Holdings
Withdrawn status Lost status Source of classification or shelving scheme Damaged status Not for loan Collection code Home library Branch Name Date acquired Total Checkouts Full call number Barcode Date last seen Price effective from Koha item type
    Dewey Decimal Classification   Not For Loan Reference SAU Library SAU Library 11/11/2025   636.5 Sa289 46017 11/11/2025 11/11/2025 MS Level Thesis